01014cam a2200277 a 45000010005000000030008000050050017000130080041000300200015000710350018000860400029001040410008001330820028001412450166001692600039003353000034003745040051004086100040004596500031004996510047005306510047005776510048006247000021006727000023006937000020007165836BD-RjUL20211208234134.0140107s1990 coub b 001 0 eng  a0813379652 a(BD-RjUL)5875 aLCbengcLCdLCdBD-RjUL aeng00a355.03304220bREF 199000aReforging European security :bfrom confrontation to cooperation /cedited by Kurt Gottfried and Paul Bracken ; with contributions by Jonathan Dean ... [et al.]. aBoulder :bWestview Press,cc1990. axii, 226 p. :bmaps ;c23 cm. aIncludes bibliographical references and index.20aNorth Atlantic Treaty Organization. 0aNational securityzEurope. 0aUnited StatesxMilitary relationszEurope. 0aEuropexMilitary relationszUnited States. 0aSoviet UnionxForeign relationsy1945-1991.1 aGottfried, Kurt.1 aBracken, Paul J.,.1 aDean, Jonathan.